000 00482 a2200169 4500
999 _c10373
_d10373
020 _a9781444122312
050 _aRG101. MON 2011
100 _a Monga, Ash K.
_eeditor
245 _aGynaecology by ten teachers /
_cedited by Ash Monga and Stephen Dobbs
250 _a19th edition
264 _aLondon:
_bCRC Press.,
_c2011
300 _aix .,206 pages
500 _alncludes index
650 _aGynecology.
700 _aDobbs, Stephen.
_eeditor
942 _2lcc
_cBK
_h101
_iMON
_kRG